| 000 | 00622nam a22002414a 4500 | ||
|---|---|---|---|
| 001 | UByD003757 | ||
| 003 | AR-LpoUNG | ||
| 005 | 20260113115200.0 | ||
| 008 | 250221s1980 ag 000 f spa d | ||
| 040 |
_aAR-LpoUNG _bspa _cAR-LpoUNG _eaacr |
||
| 041 | 0 | _aspa | |
| 082 | 0 | _aA863 987ing | |
| 100 | 1 | _aLynch, Benito | |
| 245 | 1 | 3 | _aEl inglés de los güesos |
| 250 | _a3ra. ed. | ||
| 260 |
_aBuenos Aires : _bTroquel, _c1980. |
||
| 300 | _a267 p. | ||
| 650 | 4 | _aLiteratura argentina | |
| 650 | 4 | _aNarrativa | |
| 650 | 4 | _aNovelas | |
| 942 |
_2ddc _cLIB |
||
| 999 |
_c66448 _d66448 |
||